02102nam a2200337Ia 4500008004100000082001700041100002000058245004100078250000800119260002900127300001300156500002500169650001500194700004700209942000700256952010600263952010600369952010600475952010600581952010600687952010600793952010600899952010601005952010601111952010601217952010601323952010601429952010601535952010601641999001701747230524s9999    xx            000 0 und d  a658.401bARN  aJ.R.Tony Arnold 0aIntroduction to Materials Management  a5TH  aNEW DELHIbPearsonc2009  aVIII;243  aQuantity Number:  14  aManagement  a" Stephen N.Chapman , R.V.Ramakrishnan,,,"  cBK  00104070aTATCLbTATCLcGENd2023-05-24l0o658.401 ARNp34372r2023-05-24w2023-05-24yBKzMBA305A  00104070aTATCLbTATCLcGENd2023-05-24l0o658.401 ARNp34373r2023-05-24w2023-05-24yBKzMBA305A  00104070aTATCLbTATCLcGENd2023-05-24l0o658.401 ARNp40943r2023-05-24w2023-05-24yBKzMBA305A  00104070aTATCLbTATCLcGENd2023-05-24l0o658.401 ARNp40944r2023-05-24w2023-05-24yBKzMBA305A  00104070aTATCLbTATCLcGENd2023-05-24l0o658.401 ARNp40945r2023-05-24w2023-05-24yBKzMBA305A  00104070aTATCLbTATCLcGENd2023-05-24l0o658.401 ARNp40946r2023-05-24w2023-05-24yBKzMBA305A  00104070aTATCLbTATCLcGENd2023-05-24l0o658.401 ARNp40947r2023-05-24w2023-05-24yBKzMBA305A  00104070aTATCLbTATCLcGENd2023-05-24l0o658.401 ARNp40948r2023-05-24w2023-05-24yBKzMBA305A  00104070aTATCLbTATCLcGENd2023-05-24l0o658.401 ARNp40949r2023-05-24w2023-05-24yBKzMBA305A  00104070aTATCLbTATCLcGENd2023-05-24l0o658.401 ARNp40950r2023-05-24w2023-05-24yBKzMBA305A  00104070aTATCLbTATCLcGENd2023-05-24l0o658.401 ARNp40951r2023-05-24w2023-05-24yBKzMBA305A  00104070aTATCLbTATCLcGENd2023-05-24l0o658.401 ARNp40952r2023-05-24w2023-05-24yBKzMBA305A  00104070aTATCLbTATCLcGENd2023-05-24l0o658.401 ARNp40953r2023-05-24w2023-05-24yBKzMBA305A  00104070aTATCLbTATCLcGENd2023-05-24l0o658.401 ARNp40954r2023-05-24w2023-05-24yBKzMBA305A  c45129d45129